Aktuálne otázky výroby cukru na Slovensku.

Rok 1991 bol charakteristický tým, že síce prinášal pestovateľom zisky, spracovateľom však straty spôsobené vysokými výrobnými nákladmi a následnými problémami s realizáciou vyrobeného cukru. Základné pravidlá fungovania globálneho cukrového trhu by mala schvaľovať vláda. Charakteristika fungovania...

Full description

Saved in:
Bibliographic Details
Main Author: Antal, B.
Format: Book Chapter
Language:Slovak
Subjects:
Tags: Add Tag
No Tags, Be the first to tag this record!

MARC

LEADER 00000naa a2200000 4500
001 r010142
005 20220831090002.7
041 0 |a slo 
044 |a [CS] 
245 1 0 |a Aktuálne otázky výroby cukru na Slovensku.  |c B. Antal 
520 |a Rok 1991 bol charakteristický tým, že síce prinášal pestovateľom zisky, spracovateľom však straty spôsobené vysokými výrobnými nákladmi a následnými problémami s realizáciou vyrobeného cukru. Základné pravidlá fungovania globálneho cukrového trhu by mala schvaľovať vláda. Charakteristika fungovania cukrového trhového poriadku v EHS. Problematika exportu cukru. Predpoklady dosiahnutia rovnovážneho stavu v trhovom cukrovom hospodárstve ČSFR. 
610 2 0 |a náklady výrobné 
610 2 0 |a cukor 
610 2 0 |a priemysel cukrovarnícky 
610 2 0 |a Slovensko 
610 2 0 |a 1991 
610 2 0 |a trh 
610 2 0 |a strata 
610 2 0 |a EHS 
610 2 0 |a vývoz 
610 2 0 |a rovnováha hospodárska 
100 1 |a Antal, B.